00724nam a2200241 a 4500001001300000003000900013005001700022008004100039020002300080082001400103100002000117245006300137260003900200300000900239500003500248505001000283650002200293700002000315902000800335942000700343952011500350999001700465nice12345678IN_TiNIC20260116014848.0100111s2009 newa grp 000 0 eng  a9380009054 c29000a133bNEW1 aNewton, Michael aHypnotherapy for Spiritual Regressionb Life Between Lives aNew Delhi bReadworthy Pub. c2009 a222p aincludes index and biblioraphy2 aIndex aSpiritual Healing1 aNewton, Michael bSRS cBK 001040708StackRoom-aHMIbHMId2010-01-11g290.00l0o133 NEW1p022980r2016-12-22v290.00w2010-01-11yBK c17314d17314